00989nam a2200253 a 450000100060000000300080000600500170001400800410003103500190007204000310009104100080012208200280013010000280015824500680018626000500025430000330030450000190033765000280035670000280038494200120041299900170042495201420044195201520058353723BD-RjUL20211209080018.0161024s1964 nyua b 000 0 eng  a(BD-RjUL)53845 aDLC/ICUcICUdBD-RjULbeng aeng00223a621.38152bSUS 19641 aSurina, Tugomir915832510aSemiconductor electronics /c Tugomir Surina and Clyde Herrick aNew York :bHolt, Rinehart and Winston,c1964 axv, 429 p. :bill. ;c24 cm. aIncludes Index 0aSemiconductors.9160534 aHerrick, Clyde 9228373 2ddccBK c53723d53723 00102ddc40708NFICaRUCLbRUCLcStackd1970-10-06eZeitlingerg104.00l0o621.38152 SUS 1964r2016-10-24 00:00:00tC-2w2021-12-09yBK 00102ddc40718NFICaRUCLbRUCLcReadingd1970-10-24eSweets & Zeitlingerg38.00l0o621.38152 SUS 1964r2019-02-19 00:00:00tC-1w2019-02-19yBK